Statistics for Religion Trivia

Click here to take the quiz!

General Stats

  • This quiz has been taken 20 times
  • The average score is 19 of 30

Answer Stats

HintAnswer% Correct
This is the second largest religion in the worldIslam
100%
This is the largest religion in the worldChristianity
95%
The Star of David is a symbol of this religionJudaism
95%
This is the scripture of ChristianityBible
89%
Buddhism is based on the teachings of this figureBuddha
89%
This is the scripture of IslamQuran
89%
This is an important country in ChristianityIsrael
84%
This term refers to having no belief in deitiesAtheism
79%
Jesus was born in this cityBethlehem
79%
Oldest temple in CambodiaAngkor Wat
74%
Holy Spirit
74%
In Buddhism, this term refers to action leading to future consequencesKarma
74%
This is the ninth month of the Islamic calendarRamadan
74%
What are the components of the Trinity in Christianity?Father
68%
John
68%
These are the four gospels of ChristianityMatthew
68%
Son
68%
This Christian holiday commemorates the crucifixion of JesusGood Friday
63%
Luke
63%
This is the most common religion in JapanShinto
63%
Lowest freshwater lake on Earth; important in ChristianitySea of Galilee
58%
This is the first country to adopt Christianity as the official religionArmenia
53%
Mark
53%
This Hindu festival celebrates the eternal and divine love of Radha and KrishnaHoli
37%
This figure lived the longest in the BibleMethuselah
32%
This was the second Neo-Babylonian emperorNebuchadnezzar II
26%
This Hindu festival tributes GaneshaGanesh Chaturthi
16%
The Kitáb-i-Aqdas is the scripture of this religionBahá’í Faith
11%
The doctrine of non-self in BuddhismAnattā
5%
This symbol is intended to welcome LakshmiRangoli
5%

Score Distribution

Percentile by Number Answered

Percent of People with Each Score

Your Score History

You have not taken this quiz